სამოქალაქო კოდექსის კომენტარი წ.1 მუხ. 1-146 : (ბიბ.ჩანაწერი № 54319)
[ მარტივი ფორმატი ]
| 000 -ლიდერი | |
|---|---|
| ფიქსირებული სიგრძის საკონტროლო ველი | 01524nam a2200289Ia 4500 |
| 001 - საკონტროლო ნომერი | |
| საკონტროლო ველი | 21375 |
| 003 - საკონტროლო ნომრის იდენტიფიკატორი | |
| საკონტროლო ველი | GE_BSU |
| 005 - ბოლო ოპერაციის თარიღი და დრო | |
| საკონტროლო ველი | 20210922221020.0 |
| 008 - ფიქსირებული სიგრძის მონაცემთა ელემენტები - ზოგადი ინფორმაცია | |
| ფიქსირებული სიგრძის საკონტროლო ველი | 181216s2017||||ge |||||||||||||| ||geo|| |
| 020 ## - წიგნის საერთაშორისო სტანდარტული ნომერი | |
| International Standard Book Number | 9789941253225 |
| 040 ## - კატალოგიზაციის წყარო | |
| Transcribing agency | GE_BSU |
| 041 ## - ენის კოდი | |
| Language code of text/sound track or separate title | geo |
| 080 ## - უნივერსალური ათობითი კლასიფიკაციის ინდექსი | |
| Universal Decimal Classification number | 347(479.22)(094.4) ს-32 |
| 245 ## - ცნობა სათაურის შესახებ | |
| Title | სამოქალაქო კოდექსის კომენტარი წ.1 მუხ. 1-146 : |
| Remainder of title | სამოქალაქო კოდექსის ზოგადი დებულებები / |
| Statement of responsibility, etc | ი. ბურდული, ა. გაწერელია, თ. დარჯანია და სხვ. ; რედ. ლადო ჭანტურია. |
| 264 ## - წარმოების, გამოცემის, დისტრიბუციის და სხვა ცნობები | |
| გამოცემის, წარმოების, დისტრიბუციის... ადგილი | თბილისი : |
| გამოცემის, წარმოების, დისტრიბუციის... სახელწოდება | მერიდიანი, |
| გამოცემის, წარმოების, დისტრიბუციის... თარიღი | 2017. |
| 300 ## - ფიზიკური აღწერა | |
| Extent | 810 გვ. ; |
| Dimensions | 25 სმ. |
| 504 ## - BIBLIOGRAPHY, ETC. NOTE | |
| Bibliography, etc | ბიბლ. გვ. : 785-810 |
| 653 ## - INDEX TERM--UNCONTROLLED | |
| Uncontrolled term | სამართალი |
| 653 ## - INDEX TERM--UNCONTROLLED | |
| Uncontrolled term | სამოქალაქო კოდექსის ზოგადი დებულებები |
| 653 ## - INDEX TERM--UNCONTROLLED | |
| Uncontrolled term | საქართველოს სამოქალაქო კოდექსის კომენტარი 2002 |
| 700 ## - ADDED ENTRY--PERSONAL NAME | |
| Personal name | ბურდული, ი. |
| Relator term | ავტორი |
| 9 (RLIN) | 12541 |
| 700 ## - ADDED ENTRY--PERSONAL NAME | |
| Personal name | გაწერელია, ა. |
| Relator term | ავტორი |
| 9 (RLIN) | 3709 |
| 700 ## - ADDED ENTRY--PERSONAL NAME | |
| Personal name | დარჯანია, თ. |
| Relator term | ავტორი |
| 9 (RLIN) | 12542 |
| 700 ## - ADDED ENTRY--PERSONAL NAME | |
| Personal name | ჭანტურია, ლადო |
| Relator term | რედაქტორი |
| 9 (RLIN) | 12543 |
| 942 ## - ADDED ENTRY ELEMENTS (KOHA) | |
| Koha item type | წიგნი |
| Source of classification or shelving scheme | |
| ჩამოწერის სტატუსი | დაკარგული ეგზემპლარის სტატუსი | კლასიფიკაციის წყარო ან თაროზე გაწყობის სქემა | დაზიანების სტატუსი | არ გაიცემა | მუდმივი მდებარეობა (დაცვის ადგილი) | ამჟამინდელი ადგილსამყოფელი | თაროზე განთავსების ადგილი | შეძენის თარიღი | ღირებულება, შესყიდვის ნორმალური ფასი | სრული შენახვის შიფრი | შტრიხკოდი | ბოლო ოპერაციის თარიღი | ეგზემპლარის მიმდევრობითი ნომერი (კეტერი?) | ფასის ძალაში შესვლის თარიღი | ეგზემპლარის სახეობა | საჯარო შენიშვნა |
|---|---|---|---|---|---|---|---|---|---|---|---|---|---|---|---|---|
| ბათუმის შოთა რუსთაველის სახელმწიფო უნივერსიტეტის მთავარი ბიბლიოთეკა | ბათუმის შოთა რუსთაველის სახელმწიფო უნივერსიტეტის მთავარი ბიბლიოთეკა | წიგნის კალათა | 2018-12-17 | 25.00 | 347(479.22)(094.4) ს-32 | 55308 | 2018-12-17 | 55308 | 2018-12-17 | წიგნი | 25.00 ₾. | |||||
| ბათუმის შოთა რუსთაველის სახელმწიფო უნივერსიტეტის მთავარი ბიბლიოთეკა | ბათუმის შოთა რუსთაველის სახელმწიფო უნივერსიტეტის მთავარი ბიბლიოთეკა | წიგნის კალათა | 2018-12-17 | 25.00 | 347(479.22)(094.4) ს-32 | 55309 | 2018-12-17 | 55309 | 2018-12-17 | წიგნი | 25.00 ₾. | |||||
| ბათუმის შოთა რუსთაველის სახელმწიფო უნივერსიტეტის მთავარი ბიბლიოთეკა | ბათუმის შოთა რუსთაველის სახელმწიფო უნივერსიტეტის მთავარი ბიბლიოთეკა | წიგნსაცავი | 2018-12-17 | 25.00 | 347(479.22)(094.4) ს-32 | 55310 | 2018-12-17 | 55310 | 2018-12-17 | წიგნი | 25.00 ₾. | |||||
| ბათუმის შოთა რუსთაველის სახელმწიფო უნივერსიტეტის მთავარი ბიბლიოთეკა | ბათუმის შოთა რუსთაველის სახელმწიფო უნივერსიტეტის მთავარი ბიბლიოთეკა | წიგნის კალათა | 2018-12-17 | 25.00 | 347(479.22)(094.4) ს-32 | 55311 | 2018-12-17 | 55311 | 2018-12-17 | წიგნი | 25.00 ₾. | |||||
| ბათუმის შოთა რუსთაველის სახელმწიფო უნივერსიტეტის მთავარი ბიბლიოთეკა | ბათუმის შოთა რუსთაველის სახელმწიფო უნივერსიტეტის მთავარი ბიბლიოთეკა | წიგნსაცავი | 2018-12-17 | 25.00 | 347(479.22)(094.4) ს-32 | 55312 | 2018-12-17 | 55312 | 2018-12-17 | წიგნი | 25.00 ₾. | |||||
| ბათუმის შოთა რუსთაველის სახელმწიფო უნივერსიტეტის მთავარი ბიბლიოთეკა | ბათუმის შოთა რუსთაველის სახელმწიფო უნივერსიტეტის მთავარი ბიბლიოთეკა | წიგნსაცავი | 2018-12-17 | 25.00 | 347(479.22)(094.4) ს-32 | 55313 | 2018-12-17 | 55313 | 2018-12-17 | წიგნი | 25.00 ₾. | |||||
| ბათუმის შოთა რუსთაველის სახელმწიფო უნივერსიტეტის მთავარი ბიბლიოთეკა | ბათუმის შოთა რუსთაველის სახელმწიფო უნივერსიტეტის მთავარი ბიბლიოთეკა | წიგნსაცავი | 2018-12-17 | 25.00 | 347(479.22)(094.4) ს-32 | 55314 | 2018-12-17 | 55314 | 2018-12-17 | წიგნი | 25.00 ₾. |
